<?xml version="1.0" encoding="UTF-8"?>
<collection xmlns="http://www.loc.gov/MARC21/slim">
  <record>
    <leader>00000nam  2200000   4500</leader>
    <controlfield tag="001">INLIS000000000810499</controlfield>
    <controlfield tag="005">20260202040724</controlfield>
    <datafield tag="035" ind1="#" ind2="#">
      <subfield code="a">0010-0226000002</subfield>
    </datafield>
    <controlfield tag="007">ta</controlfield>
    <controlfield tag="008">260202###########################0#ara##</controlfield>
    <datafield tag="020" ind1="#" ind2="#">
      <subfield code="a">9789793759364</subfield>
    </datafield>
    <datafield tag="245" ind1="#" ind2="#">
      <subfield code="a">Al Muyassar fil ilmin nahwi jilid 1 /</subfield>
      <subfield code="c">Ustadz Zakariya bin Ahmad bin Aceng</subfield>
    </datafield>
    <datafield tag="260" ind1="#" ind2="#">
      <subfield code="b">Dar ibn Azka</subfield>
    </datafield>
    <datafield tag="082" ind1="#" ind2="#">
      <subfield code="a">413</subfield>
    </datafield>
    <datafield tag="084" ind1="#" ind2="#">
      <subfield code="a">413 ZAK m</subfield>
    </datafield>
    <datafield tag="250" ind1="#" ind2="#">
      <subfield code="a">Cet. 1</subfield>
    </datafield>
  </record>
</collection>
